Mahamoha kavya (Record no. 3743)

MARC details
000 -LEADER
fixed length control field 00492cam a2200193ua 4500
008 - FIXED-LENGTH DATA ELEMENTS--GENERAL INFORMATION
fixed length control field 111209n ii |||gr||||Z||||||asm
040 ## - CATALOGING SOURCE
Transcribing agency MAIN
082 ## - DEWEY DECIMAL CLASSIFICATION NUMBER
Classification number 782.25
100 1# - MAIN ENTRY--PERSONAL NAME
Personal name Dvija, Ramananda,
Relator term
245 11 - TITLE STATEMENT
Title Mahamoha kavya
Statement of responsibility, etc. by Ramananda Dvija
250 ## - EDITION STATEMENT
Edition statement 2nd.
260 ## - PUBLICATION, DISTRIBUTION, ETC.
Place of publication, distribution, etc. Guwahati:
Name of publisher, distributor, etc. Sahitya prakash samiti,958.
300 ## - PHYSICAL DESCRIPTION
Extent 142p:
Dimensions 23cm.
700 1# - ADDED ENTRY--PERSONAL NAME
Personal name Baruah, Birichi Kumar,
Relator term
942 ## - ADDED ENTRY ELEMENTS (KOHA)
Koha item type Books
653 ## - INDEX TERM--UNCONTROLLED
Uncontrolled term Assamese song
653 ## - INDEX TERM--UNCONTROLLED
Uncontrolled term Mahamoha kavya
Holdings
Withdrawn status Lost status Damaged status Not for loan Home library Current library Shelving location Date acquired Total Checkouts Full call number Barcode Date last seen Copy number Price effective from Koha item type
        Central Library, Naharkatiya College Central Library, Naharkatiya College General Stacks 19/09/2020   782.25 | DVI 7354 19/09/2020 2 19/09/2020 Books
        Central Library, Naharkatiya College Central Library, Naharkatiya College General Stacks 19/09/2020   782.25 | DVI 7355 19/09/2020 1 19/09/2020 Books

Naharkatiya College © 2020. All rights reserved.

Powered By